Guess the One Direction song with no hints #6 - Statistics

General Stats
  • This quiz has been taken 52 times
  • The average score is 250 of 314
Answer Stats
Answer % Correct
a
100%
an
100%
I
100%
you
100%
you,
100%
you)
100%
And
98%
do
98%
me
98%
No,
95%
the
95%
The
95%
we
95%
We
95%
in
93%
it
93%
your
93%
I'm
90%
(I'm
90%
Is
90%
is,
90%
not
90%
of
90%
So
90%
so
90%
to
90%
can
88%
my
88%
that
88%
can't
86%
with
86%
With
86%
go
83%
one
83%
just
81%
like
81%
then,
81%
up
81%
all
79%
but
79%
everything
79%
I've
79%
at
76%
bein'
76%
half
76%
Half
76%
heart
76%
without
76%
Without
76%
(Without
76%
You've
76%
by
74%
for
74%
If
74%
miss
74%
there,
74%
been
71%
best
71%
best)
71%
blue
71%
here
71%
Only
71%
(Only
71%
out
71%
sky
71%
sky)
71%
Cause
69%
doesn't
69%
get
69%
man,
69%
around
67%
Bet
67%
better
67%
chest
67%
could
67%
night
67%
walking
67%
arrow
64%
doin'
64%
even
64%
got
64%
much
64%
said
64%
shoe
64%
telling
64%
wakin'
64%
friend's
62%
head
62%
Kinda
62%
kinda
62%
sleepin'
62%
sweater
62%
matter
60%
missin'
60%
stop
60%
quite
57%
Because
55%
We'll
55%
Well,
55%
really
52%
down
50%
river
50%
or
48%
through
48%
Forget
45%
talk
45%
try
45%
both
43%
lost
43%
two
43%
since
38%
truth
38%
hour
36%
lunch
36%
split
36%
spare
33%
Though
31%
No matching quizzes found
Score Distribution
Percent of People with Each Score
Percentile by Number Answered
Your Score History
You have not taken this quiz